| 000 | 00543nam a2200133Ia 4500 | ||
|---|---|---|---|
| 008 | 220615s9999||||xx |||||||||||||| ||und|| | ||
| 020 | _a9782890000000 | ||
| 245 | 0 | _aRecent Developments in Neuroanatomical Terminology | |
| 546 | _aEnglish[eng] | ||
| 650 | _aterminology||prosomeric model||Cerebral Cortex||Thalamus||neural progenitor cells||Neuron types||Tracts | ||
| 700 | _aten Donkelaar, Hans J.||Puelles, Luis | ||
| 856 | _uhttps://www.frontiersin.org/research-topics/6633/recent-developments-in-neuroanatomical-terminology | ||
| 942 | _cEB | ||
| 999 |
_c16225 _d16225 |
||